000 00566nam a2200241 4500
001 1266057
005 20180119034121.0
008 740829s1973 enkabeh b 001 0 eng
010 _a 74175634
015 _aGB74-00491
020 _a0413273407
040 _aDLC
_cDLC
_dDLC
041 _aeng
080 _a641.3009 TAN
082 0 0 _a641.3009 TAN
100 1 _a16
101 _aHIS
245 1 0 _aFood in history.
350 _a£4.95
504 _aBibliography: p. 399-414.
906 _a7
_bcbc
_corignew
_d4
_encip
_f19
_gy-gencatlg
942 _2ddc
_cBK
999 _c40524
_d40524